| 000 | 00573nam a22002057a 4500 | ||
|---|---|---|---|
| 003 | KOHA_MİRAKIL | ||
| 005 | 20260330112217.0 | ||
| 008 | 260330b tu ||||| |||| 00| 0 tur d | ||
| 020 | _a9786058447462 | ||
| 040 |
_aTR-AnABB _btur _cTR-AnABB |
||
| 041 | _atur | ||
| 082 |
_a925.3 _b GÜR 2015 |
||
| 100 | 1 | _aGürüz, Kemal | |
| 245 | 1 | 0 |
_aaklımdan başka silahım yok ki / _cKemal Gürüz |
| 260 |
_aİstanbul : _bka kitap, _c2015 |
||
| 300 |
_a498 sayfa ; _c20 cm |
||
| 500 | _ayazar imzalı | ||
| 650 | 0 | 4 | _aBiyografi, bilim adamları |
| 942 |
_2ddc _cBK |
||
| 999 |
_c10081 _d10081 |
||
| 900 | _bCem ÖZOGLU | ||